| 000 | 003130000a22000970004500 | ||
|---|---|---|---|
| 100 | 1 | _aBolt, Peter G. | |
| 245 | 1 | 0 | _aWhat were the Sadducees reading? An enquiry into the literary background of Mark 12:18-23 |
| 300 | _aVol. 2, Num. 45 (Noviembre, 1994), Páginas 369-419 | ||
| 773 | 0 | _tTyndale Bulletin | |
| 942 | _cANA | ||
| 999 |
_c56722 _d56722 |
||